Cywilizacja współczesna i globalne problemy (Запис № 579720)

МАРК-запис
000 -Лідер
fixed length control field 02456 a2200265 4500
001 - Контрольний номер
control field 2162214035926629
003 - Ідентифікатор контрольного номера
control field UA-OsUOA
005 - Дата та час останнього входження (трансакції)
control field 20260226130156.0
008 - Елементи даних фіксованої довжини – загальна інформація
fixed length control field 260226b pl ||||| |||| 00| 0 pol d
020 ## - Міжнародний стандартний книжковий номер (ISBN)
Міжнародний стандартний книжковий номер (ISBN) (НП) 9788377370483
040 ## - Джерело каталогізації
Агенція оригінальної каталогізації UA-OsUOA
Мова каталогізації ukr
Агенція, яка здійснювала перезапис UA-OsUOA
Агенція, яка здійснювала модифікацію UA-OsUOA
041 ## - Код мови
Код мови тексту/ звукової доріжки чи окремого заголовка (П) pol
080 ## - Індекс Універсальної десяткової класифікації
Індекс Універсальної десяткової класифікації (УДК) (НП) 008
090 ## - Локальний шифр розміщення
Класифікаційний індекс УДК 008
Авторський знак (НП) G60
100 ## - Основне введення – ім’я особи
Ім’я особи (НП) Golka M.
9 (RLIN) 23294
245 ## - Відомості про назву
Назва (НП) Cywilizacja współczesna i globalne problemy
Дані про відповідальність (НП) Marian Golka
260 ## - Публікація, розповсюдження і т.п. (Вихідні дані)
Місце публікації, розповсюдження і т.п. (П) Warszawa
Ім’я/ наймення видавництва, розповсюджувача і т.п. (П) Oficyna Naukowa
Дата публікації, розповсюдження і т.п. (П) 2012
300 ## - Фізичний опис
Обсяг 506 s.
490 ## - Область серії
Назва серії Horyzonty Cywilizacji
520 ## - Резюме і т.п.
Резюме, реферат, анотація, тощо (НП) Cywilizacja współczesna jest niejednoznaczna, skomplikowana, wieloaspektowa i niepewna; jest atrakcyjna, ale bywa i odpychająca; jest stworzona przez człowieka, lecz często odnosi się wrażenie, że pragnie nad nim zapanować, przyczyniając się do wielu problemów. Już w latach dwudziestych XX w. José Ortega y Gasset stwierdził, że cywilizacja współczesna jest wprost przygnieciona problemami.<br/>Cywilizacja współczesna i globalne problemy to książka powstała właśnie z zamysłem, by poddać refleksji główne z tych problemów. Jest ona panoramicznym spojrzeniem na to, czym jest współczesna cywilizacja zachodnia, jakie są jej najważniejsze cechy i jakie główne problemy i trendy w życiu ludzkim ona ewokuje oraz jaki jest jej wpływ na cywilizację globalną. Wreszcie, przywołuje najgłośniejsze niepokoje o los tej cywilizacji.<br/><br/>Jest to autorska synteza łącząca liczne kwestie dotyczące współczesnego świata w skali globalnej. Przedstawia ujęcie socjologiczno-kulturoznawcze oraz antropologiczne, co sprawia, że w polu zainteresowań znajdują się najważniejsze problemy odczuwane przez człowieka współczesnego żyjącego na obszarze oddziaływania cywilizacji zachodniej - cywilizacji, która stała się głównym czynnikiem sprawczym globalizacji.<br/>Choć wymowa prezentowanej książki ma być przede wszystkim diagnostyczna, to zapewne słyszalna też jest w niej nuta przestrogi. Wspaniała cywilizacja współczesna nie jest ani w pełni niewinna, ani całkowicie bezpieczna. Jej rozwój i trwanie mogą więc wywoływać niepokoje, troski, obawy. Nie wolno ich ani pomijać, ani tym bardziej bagatelizować.
650 ## - Додаткове предметне введення – тематичний термін
Тематичний термін чи географічна назва, як елемент введення (НП) 008 Цивілізація. Культура. Прогрес
9 (RLIN) 2214
942 ## - Додаткові елементи входу (Коха)
Тип елемента Koha Книги
Source of classification or shelving scheme Universal Decimal Classification
955 ## - Код типу видання за змістом
Код типу видання за змістом (НП) Наукові видання
Фонди
Стан вилучень Стан втрат Джерело класифікації або схеми стелажів Стан уражень Не для кредиту Постійне місце розташування Поточне розміщення Дата придбання Джерело придбання Вартість, звичайна ціна покупки Усього замовленно Повний номер виклику Штрих-код Дата останнього перегляду Вартість, ціна заміни Ціна ефективна від Тип елемента Koha Примітка, призначена для загального доступу
    Universal Decimal Classification     ВІЛ - Відділ іноземн. літератури НБ ВІЛ - Відділ іноземн. літератури НБ 23/02/2026 Акт №06/23.02.2026 150.00   008 G60 217973 26/02/2026 150.00 26/02/2026 Книги Дарувальник Завадська О. Р.